00915nam a2200217 a 4500001001000000003000500010005001700015008004100032010001100073011001100084040000900095100004100104245020000145260004100345500006000386502008700446650004400533650002700577650002300604856007000627000111552CHAP20220329144218.0150611s2015 mx a fsm |||||||spa d a108014 a108986 cCHAP1 aHernández González, Diana Irán10aModelación de la tasa de erosión hídrica y su relación con el uso del suelo, en la subcuenca del Río Chapingo, Estado de Méxicoh[En línea]cpor Diana Irán Hernández González. aChapingo, Méx. :bEl autor,c2015. aPara ver el contenido del material haga clic en la liga aTesis (Ing. en Restauración Forestal) -- UACH. División de Ciencias Forestales14aSuelosxConservaciónxMéxico (Edo.)14aSuelosxDegradación.14aSuelosxErosión. aFinding aiduhttp://10.13.5.2/tesis/sist111552.pdfzTeclea aquí